Statistics for World Capitals Closest to the Amazon River

Click here to take the quiz!

General Stats

  • This quiz has been taken 27 times
  • The average score is 8 of 10

Answer Stats

kmCapitalmiles% Correct
932Lima579
96%
1,429Caracas887
91%
914Bogotá567
87%
999Georgetown620
87%
1,357La Paz843
87%
732Quito454
87%
784Paramaribo487
74%
1,563Panama City971
61%
1,525Port Of Spain947
57%
1,592Sucre989
52%

Score Distribution

Percentile by Number Answered

Percent of People with Each Score

Your Score History

You have not taken this quiz